000 01041nam a22003137a 4500
003 CHAP
005 20220329134602.0
008 971013s1980 r 00010 d
010 _a22558
011 _a23530
035 _a27626
040 _cCHAP
090 _aFolleto 7325
110 _aComisión de Estudios de la Cuenca del Río Pánuco. México
_925675
245 _aProducción intensiva de carne y leche en Las Huastecas
260 _aTampico, Tamps. :
_b(s.e.),
_c1980
300 _a31 p.
590 _aBATCH-UPD
_b10
_c20130110
_lUCH01
_h1959
590 _aBATCH-UPD
_b10
_c20130410
_lUCH01
_h1319
590 _aBATCH-UPD
_b10
_c20130914
_lUCH01
_h0846
590 _aCONVERSION
_b10
_c20130109
_lUCH01
_h1313
650 1 4 _aCarne
_xProducción.
_919109
650 1 4 _aLeche
_xProducción.
_965400
901 _aBK
942 _cFOLL
949 _aFolleto 7325
_bBC
_cFOLL
_d-64040
_eTS1
_i27626
_mD
_si
949 _aFolleto 7325
_bBC
_cFOLL
_d-64042
_eTS2
_fc.2
_i27626
_mD
_si
949 _aFolleto 7325
_bBC
_cFOLL
_d-64043
_eTS2
_fc.3
_i27626
_mD
_si
999 _c22558
_d22558